| 000 | 00713nam a22002057a 4500 | ||
|---|---|---|---|
| 005 | 20100819161316.0 | ||
| 010 | _aENG-100928 | ||
| 020 | _c50.00 | ||
| 035 | _aEN-84461 | ||
| 037 | _bDBAD/PUB | ||
| 082 | _a574.5 | ||
| 100 |
_aNagarajan, J. _915503 |
||
| 245 |
_aEcology and behavioural studies on earthworm / _cby J.Nagarajan |
||
| 260 |
_aCheyyar _bKalyani Publishers _c2004 |
||
| 270 |
_bCheyyar _aKalyani Publishers _e604407 |
||
| 300 |
_a68p. _c21cm (pbk) _bill. |
||
| 500 | _aincludes bibliographical references | ||
| 942 |
_2ddc _cEN _h574.5 _mNAG |
||
| 999 |
_c42622 _d42622 |
||